[Event "IOM Open-Masters 2017"]
[Site "Douglas"]
[Date "2017.09.26"]
[Round "4"]
[White "Wallace, John Paul"]
[Black "Wagner, Dennis"]
[Result "0-1"]
[WhiteElo "2413"]
[BlackElo "2564"]
[Annotator "TA"]
[PlyCount "92"]
[EventDate "2017.??.??"]
[EventType "swiss"]
[EventCountry "GBR"]
[SourceTitle "playchess.com"]
[Source "ChessBase"]
[SourceQuality "1"]

{[%evp 21,92,6,24,0,0,0,0,0,20,-9,0,0,0,-6,0,0,0,0,0,0,20,-19,-21,-25,-9,-11,27,21,9,-43,49,56,114,11,76,0,79,0,0,-24,0,-32,-37,-43,-32,-93,-67,-74,-66,-127,-124,-144,-141,-247,-241,-362,-343,-460,-431,-423,-422,-400,-352,-731,-706,-872,-873,-856,-856,-29983,-5455,-29982,-8272]} 1. e4 e5 2. Nf3 Nc6 3. Bb5 a6 4. Ba4 Nf6 5. O-O Be7 6. Re1 b5 7. Bb3 O-O 8. h3 Bb7 9. d3 d5 {C88: Closed Ruy Lopez: Anti-Marshall Systems} 10. exd5 Nxd5 11. Nbd2 (11. Nxe5 Nxe5 12. Rxe5 Qd6 13. Re1 Rae8 14. Nd2 c5 15. Ne4 Qc6 16. c4 Nb6 17. cxb5 axb5 18. Qf3 c4 19. dxc4 Qg6 20. Bd2 bxc4 {1-0 (46) Navara,D (2737)-Aronian,L (2799) Saint Louis 2017}) 11... Qd7 {LiveBook: 6 Games. The position is equal.} 12. a4 f6 $146 ({Predecessor:} 12... Rad8 13. axb5 axb5 14. Nxe5 Nxe5 15. Rxe5 Nf4 16. Qg4 Nxg2 17. Qxd7 Rxd7 18. Rxb5 Bc6 19. Rba5 Nf4 20. Ne4 {0-1 (20) Guliyev,N (2557)-Ragger,M (2651) Wroclaw 2014}) 13. Ne4 Na5 14. Ba2 c5 15. Bd2 b4 16. c3 Kh8 17. Rc1 bxc3 18. bxc3 c4 19. d4 Nf4 20. Bxf4 exf4 21. Ned2 Bd5 22. Bb1 Ba3 23. Rc2 Rab8 24. Ra2 Bd6 25. Nh4 (25. Ne4 $11) 25... g6 (25... Rfe8 $1 $15) 26. Ne4 $14 Be7 (26... Rfe8 $14) 27. Rae2 ({White should try} 27. Nc5 $16 Bxc5 28. dxc5) 27... Nc6 (27... f5 $11 28. Nc5 Bxc5 29. dxc5 Bc6) 28. Nf3 ({White should play} 28. Nc5 $16 Bxc5 29. dxc5) 28... Ba3 (28... Qc7 $11 {remains equal.}) 29. Bc2 (29. Nc5 $16 Qc8 30. Ne6) 29... Qc7 30. Ned2 Rfd8 31. Be4 {And now Bxd5 would win.} Bf7 32. h4 Ne7 33. h5 ({Better is} 33. Qc2 $15) 33... Kg7 34. Nb1 {[#]} Bd6 $1 {[%cal Ba3d6,Bd6c5,Bc5f2][%mdl 32]} 35. Nh2 (35. Nbd2 $15) 35... g5 $17 36. Bf3 {[#]} f5 $1 37. d5 (37. Nd2 $17) 37... Bc5 $19 38. Re5 (38. Qc2 {was called for.}) 38... Rb2 39. Kh1 h6 40. Nd2 Nxd5 41. Qc1 {Black must now prevent Bxd5.} Ra2 42. Nxc4 $2 (42. Rxf5 Ba3 43. Bxd5 Rxd5 44. Qb1 Raxd2 45. Nf3) 42... Bxf2 43. Rd1 Ne3 44. Rxd8 Qxd8 45. Nb2 g4 {( -> ...Qh4)} 46. c4 Qd4 {Precision: White = 29%, Black = 60%.} 0-1

[Event "IOM Open-Masters 2017"]
[Site "Douglas"]
[Date "2017.09.26"]
[Round "4"]
[White "Degtiarev, Evgeny"]
[Black "Seyfried, Claus"]
[Result "1-0"]
[WhiteElo "2412"]
[BlackElo "2173"]
[Annotator "TA"]
[PlyCount "87"]
[EventDate "2017.??.??"]
[EventType "swiss"]
[EventCountry "GBR"]
[SourceTitle "playchess.com"]
[Source "ChessBase"]
[SourceQuality "1"]

{[%evp 26,87,39,26,50,36,44,29,53,25,61,32,70,65,91,91,89,67,83,87,122,106,108,99,116,107,153,147,190,162,159,151,107,89,87,77,193,205,200,187,223,201,285,203,465,344,325,328,1493,1432,1284,984,29963,29964,29966,6087,29964,29969,29969,29968,29968,29972,29981,29982]} 1. d4 d5 2. c4 e6 3. Nf3 c6 4. e3 Bd6 5. Bd3 f5 6. O-O Nf6 7. b3 Qe7 8. Bb2 O-O 9. Qc1 b6 {A84: Dutch Defence: 2 c4 Miscellaneous} (9... Ne4 10. Ba3 Nd7 11. Bxd6 Qxd6 12. Qa3 c5 13. cxd5 exd5 14. Nbd2 b6 15. Rac1 Bb7 16. Rfd1 Qh6 17. dxc5 bxc5 {1-0 (58) Karjakin,S (2753)-Wei,Y (2724) Heixiazi 2015}) 10. Ba3 Ne4 11. Bxd6 Qxd6 12. Nc3 Nd7 13. Ne2 Bb7 14. Qb2 {LiveBook: 10 Games} a5 15. Rfd1 Qe7 16. a3 {[#]} Ra7 $146 ({Predecessor:} 16... c5 17. cxd5 exd5 18. a4 Nd6 19. Rac1 Rae8 {1-0 (35) Jojua,D (2505)-Tregubov,P (2602) Konya 2011}) 17. b4 Rfa8 18. c5 bxc5 19. bxc5 Ba6 20. Bxa6 Rxa6 21. Rab1 R6a7 22. Nf4 {[%cal Be2f4,Bf4d3,Bd3e5][%mdl 32]} e5 23. Nd3 {[%cal Rf3e5]} exd4 24. exd4 Qe8 25. Qc2 Rb8 26. Nfe5 Nxe5 27. Nxe5 Rab7 {[#]} 28. Rxb7 $1 Rxb7 29. f3 Ng5 30. Qxf5 $40 {[%mdl 128] White has strong attack.} Nf7 (30... Ne6 $16) 31. Re1 $18 Re7 32. f4 g6 33. Qh3 g5 (33... Nxe5 {was necessary.} 34. fxe5 Rg7) 34. Qg3 h6 $2 {[#]} (34... Nxe5 {might work better.} 35. fxe5 (35. Rxe5 Rxe5 36. fxe5 Qh5 $18) 35... Qg6) 35. fxg5 hxg5 36. h4 Nxe5 $2 (36... Qc8 37. h5 (37. hxg5 Qc7 $18) 37... Qe8) 37. Rxe5 ({Not} 37. dxe5 Qg6 $16) 37... Rxe5 38. dxe5 {[%mdl 4096] Endgame KQ-KQ} (38. Qxe5 $2 {loses.} Qxe5 39. dxe5 gxh4 $19) 38... d4 39. Qxg5+ Kh8 40. Qh6+ Kg8 41. Qd6 {White mates.} d3 42. Qxd3 Qxe5 43. Qg6+ Kf8 44. Qd6+ {Precision: White = 75%, Black = 24%.} 1-0

[Event "IOM Open-Masters 2017"]
[Site "Douglas"]
[Date "2017.09.26"]
[Round "4"]
[White "Arjun, Kalyan"]
[Black "Lubbe, Nikolas"]
[Result "1-0"]
[WhiteElo "2406"]
[BlackElo "2515"]
[Annotator "TA"]
[PlyCount "61"]
[EventDate "2017.??.??"]
[EventType "swiss"]
[EventCountry "GBR"]
[SourceTitle "playchess.com"]
[Source "ChessBase"]
[SourceQuality "1"]

{[%evp 15,61,18,4,7,25,10,50,35,66,24,64,46,58,54,66,43,57,27,100,83,91,91,97,104,114,96,239,237,247,250,471,143,126,81,77,0,123,110,517,517,502,516,502,491,503,487,488,472]} 1. e4 e6 2. d4 d5 3. Nc3 Bb4 4. e5 c5 5. a3 Bxc3+ 6. bxc3 Qa5 7. Bd2 Qa4 8. Qg4 Kf8 9. Qd1 {C18: French: 3 Nc3 Bb4: Main line: 7 h4 and 7 Qg4} (9. Nf3 b6 10. c4 Ne7 11. Bd3 dxc4 12. dxc5 bxc5 13. Ng5 h6 14. Nh7+ Rxh7 15. Bxh7 Bb7 16. O-O Nbc6 {1-0 (29) Caruana,F (2817)-Naroditsky,D (2646) Saint Louis 2017}) 9... Ne7 10. Nf3 Nbc6 {[%cal Rc5d4]} 11. dxc5 {White is slightly better.} Ng6 12. c4 $146 ({Predecessor:} 12. Be3 Qa5 13. Bd4 Qc7 14. c4 Bd7 15. cxd5 exd5 16. Bb2 Be6 {1-0 (47) Ottesen,S (2399)-Jorgensen,B (2210) ICCF email 2010}) 12... dxc4 13. Be2 h6 14. O-O Ke7 15. Qc1 Rd8 $1 16. Bc3 Rd5 (16... Kf8 $11) 17. Qe3 Kf8 {[#]} 18. Nd2 $1 $36 {[%mdl 2048] White is really pushing.} Ngxe5 19. f4 Ng6 20. Bxc4 Rxd2 (20... Nce7 $16) 21. Bb3 $18 Rxg2+ 22. Kxg2 Qa6 $2 (22... Nh4+ {is a better defense.} 23. Kh3 Nf5) 23. Rad1 $2 (23. Kg1 $18 {is the precise move to win.}) 23... Nh4+ $16 24. Kg1 {Strongly threatening f5!} Nf5 25. Qf2 (25. Qd3 $16 b6 26. Qe4 bxc5 27. Bc4) 25... Ke8 (25... b5 $1 $11) 26. Rd3 Bd7 $2 {[%mdl 8192]} (26... Kf8 $16) 27. Rfd1 $18 {White is clearly winning.} Rd8 {[#]} 28. Qd2 $1 Nb8 29. Be5 Qxa3 30. Bxb8 Qxc5+ 31. Qf2 {Precision: White = 70%, Black = 34%.} 1-0

[Event "IOM Open-Masters 2017"]
[Site "Douglas"]
[Date "2017.09.26"]
[Round "4"]
[White "Roberson, Peter T"]
[Black "Olafsson, Helgi"]
[Result "1-0"]
[WhiteElo "2403"]
[BlackElo "2512"]
[Annotator "TA"]
[PlyCount "95"]
[EventDate "2017.??.??"]
[EventType "swiss"]
[EventCountry "GBR"]
[SourceTitle "playchess.com"]
[Source "ChessBase"]
[SourceQuality "1"]

{[%evp 16,95,8,0,41,28,14,18,139,149,174,115,115,114,115,116,119,116,116,117,115,106,116,112,116,113,117,118,124,21,21,21,110,111,152,129,124,119,127,118,129,100,134,140,143,125,135,135,141,142,164,160,171,162,167,147,151,150,150,146,166,150,150,131,150,150,150,150,150,157,155,167,268,264,272,269,259,261,467,455,405,174]} 1. e4 c6 2. Nf3 d5 {[%cal Bd7d5,Bd5d4][%mdl 32]} 3. Nc3 Bg4 4. h3 Bxf3 5. Qxf3 e6 6. d3 Bb4 7. Bd2 {B11: Caro-Kann (Zweispringer-Variante)} (7. a3 Ba5 8. Qg3 Qf6 9. Bd2 Qg6 10. Qe3 Ne7 11. f4 O-O 12. O-O-O f5 13. g4 fxe4 14. dxe4 dxe4 {1-0 (29) Stukopin,A (2600)-Macieja,B (2514) Greensboro 2017}) 7... d4 8. Nb1 Bxd2+ 9. Nxd2 {LiveBook: 5 Partien. Die Stellung ist ausgeglichen.} Nf6 10. e5 Nfd7 11. Qg4 g5 $146 (11... O-O $11) ({Vorgänger:} 11... Nxe5 12. Qxg7 Ng6 13. h4 Qd5 14. h5 Qe5+ 15. Qxe5 Nxe5 {1-0 (36) Mufic,G (2320)-Giuriati,P (2190) Venice 2004}) 12. Qxd4 $16 Qa5 13. c3 (13. h4 $1 $18) 13... Qxe5+ 14. Qxe5 Nxe5 15. Ne4 h6 16. Nd6+ Ke7 17. Nxb7 a5 {[#]} 18. Nc5 $1 Nbd7 19. Nxd7 Nxd7 20. d4 Rab8 21. O-O-O Rb6 22. a4 (22. Bc4 $16) 22... Rhb8 $11 23. Rd2 Nf6 (23... e5 $11 {bleibt in der Remisbreite.}) 24. Bd3 Kd6 25. Re1 R6b7 26. Re5 Ra7 27. Bc2 Nd7 28. Re3 Rab7 {[#]} 29. b3 $1 Nf6 30. Rf3 Ke7 31. c4 Rd8 32. Re3 Kd6 33. Kb2 Ra7 34. Kc3 Rb8 35. h4 Ke7 36. hxg5 hxg5 37. Re5 g4 38. Rd1 Rh8 39. g3 Rh2 40. Rd2 Rh8 41. Rde2 Kd6 42. Rg5 Rh2 43. Bd3 Ra8 (43... Rh1 $142 44. Re3 Rc1+ 45. Kd2 Ra1) 44. Rg7 $18 Ke7 45. Bg6 Rf8 {Wenn Schwarz jetzt Zeit für ...Se8 hätte...} 46. Bf5 {Txe6+ ist eine echte Drohung.} Kd6 $2 (46... Ne8) 47. c5+ Kc7 48. Bxg4 {Precision: Weiß = 67%, Schwarz = 40%.} (48. Bxe6 $142 Kb8 49. Bxf7) 1-0

[Event "IOM Open-Masters 2017"]
[Site "Douglas"]
[Date "2017.09.26"]
[Round "4"]
[White "Harsha Bharathakoti"]
[Black "Bogner, Sebastian"]
[Result "1-0"]
[WhiteElo "2394"]
[BlackElo "2599"]
[Annotator "TA"]
[PlyCount "61"]
[EventDate "2017.??.??"]
[EventType "swiss"]
[EventCountry "GBR"]
[SourceTitle "playchess.com"]
[Source "ChessBase"]
[SourceQuality "1"]

{[%evp 17,61,27,28,28,29,27,45,34,48,39,38,45,52,39,44,49,105,106,95,79,99,81,78,92,182,155,263,257,256,248,268,264,249,260,245,223,306,248,282,272,383,381,529,481,651,658]} 1. c4 Nf6 2. Nc3 e5 3. Nf3 Nc6 4. e3 g6 5. d4 d6 6. Be2 Bg7 7. dxe5 Nxe5 8. Nxe5 dxe5 9. Qxd8+ Kxd8 10. b3 {A25: English Opening vs King's Indian with ...Nc6 but without early d3} Re8 11. Ba3 Bf8 12. O-O-O+ {White is slightly better.} Nd7 $146 ({Predecessor:} 12... Bd7 13. Bxf8 Rxf8 14. g4 c6 15. g5 Ne8 16. Rd2 Kc7 17. Rhd1 Bf5 {0-1 (41) Kosten,A (2524)-Hertneck,G (2541) Germany 2001}) 13. Bb2 c6 $1 14. Ne4 {Nf6 is the strong threat.} Kc7 15. g4 h6 16. h4 f5 ({Black should play} 16... a5 $14) 17. gxf5 $16 gxf5 18. Bh5 {[%cal Be2h5,Bh5f7,Bf7g6,Bg6f5][%mdl 32]} Re6 19. Bf7 $36 {[%mdl 2048] Black is under strong pressure.} Re7 20. Nd6 Nf6 (20... Nc5 $16) 21. Bg6 Ng4 (21... Rg7 $16) 22. Nxc8 $18 ({Not} 22. Bxf5 Bxf5 23. Nxf5 Rf7 $14) 22... Rxc8 23. Rd2 ({Less strong is} 23. Bxf5 Nxf2 24. Rdf1 Nxh1 $16) 23... Rg7 24. Bxf5 Re8 25. Rhd1 Kb6 26. h5 Bb4 27. Re2 Rg5 28. Bg6 Rf8 (28... Re6 {is a better defense.} 29. f3 Nf6) 29. a3 Be7 30. Rd7 Bd8 {[#]} 31. f4 $1 {[%mdl 512] Precision: White = 98%, Black = 41%.} 1-0

[Event "IOM Open-Masters 2017"]
[Site "Douglas"]
[Date "2017.09.26"]
[Round "4"]
[White "Houska, Jovanka"]
[Black "Granda Zuniga, Julio E"]
[Result "0-1"]
[WhiteElo "2393"]
[BlackElo "2653"]
[Annotator "TA"]
[PlyCount "72"]
[EventDate "2017.??.??"]
[EventType "swiss"]
[EventCountry "GBR"]
[SourceTitle "playchess.com"]
[Source "ChessBase"]
[SourceQuality "1"]

{[%evp 9,72,20,23,23,25,12,16,18,27,1,0,0,0,0,-5,-57,-57,-69,-34,-76,-56,-67,-74,-83,-81,-72,-97,-101,-68,-96,-96,-100,-90,-103,-80,-89,-92,-120,-116,-164,-126,-111,-89,-192,-197,-270,-267,-229,-214,-360,-356,-513,-491,-469,-506,-877,-876,-907,-894,-1063,-1066,-1390,-1330,-1275,-1187]} 1. d4 Nf6 2. Nf3 b6 3. g3 Ba6 (3... Bb7 4. c4 e6 5. Bg2 Be7 6. O-O O-O 7. Nc3 Ne4 8. Bd2 Bf6 9. Rc1 Nxd2 10. Qxd2 d6 11. d5 e5 12. e4 Nd7 13. h4 a5 14. Bh3 Nc5 15. Kg2 Bc8 16. Rh1 Bxh3+ 17. Rxh3 Qd7 18. Nh2 h5 19. f3 g6 {1-0 (48) So,W (2808)-Rapport,R (2702) Wijk aan Zee 2017}) 4. Bg2 e6 5. b3 d5 6. O-O {A47: 1 d4 Nf6 2 Nf3 b6: Torre, London and Colle Systems} Nbd7 7. Nbd2 c5 8. Bb2 {The position is equal.} Rc8 9. a4 $146 ({Predecessor:} 9. c3 Bd6 10. Rc1 O-O 11. c4 cxd4 12. Nxd4 dxc4 13. Nc6 {½-½ (27) Esterluss,J (2052)-Mao,K (1907) Frankfurt 2013}) 9... Be7 10. Re1 O-O 11. e3 Qc7 12. Ra2 (12. Rc1 $11) 12... cxd4 $15 13. Nxd4 Rfd8 14. Qa1 Qb8 15. a5 {[#] Black must now prevent axb6.} b5 $1 16. Bf1 e5 17. Nf5 Bf8 18. Rc1 Re8 19. Nh4 Rc6 20. Nhf3 Qc7 21. Ne1 Rc8 $36 {[%mdl 2048] Black is really pushing.} 22. Ndf3 {[%cal Rf3e5]} Bd6 23. Nh4 Ne4 24. Nd3 Nc3 25. Bxc3 Rxc3 26. Nb2 (26. b4 $17) 26... Nc5 $19 {[%cal Bd7c5,Bc5b3,Bb3c1][%mdl 32]} ({Stronger than} 26... Rxc2 27. Rxc2 Qxc2 28. Nc4 $11) 27. Nc4 {[#]} (27. Nd1 {was called for.} Nxb3 28. Qxc3 Qxc3 29. Nxc3 Nxc1 30. Ra1) 27... b4 $1 (27... bxc4 28. Qxc3 Ne4 29. Qb2 $15) 28. Nxd6 Qxd6 29. Bxa6 (29. Re1 {is a better defense.}) 29... Nxb3 ({Weaker is} 29... Nxa6 30. Rf1 $17) ({Not} 29... Qxa6 30. Rf1 $17) 30. Qb2 (30. Bxc8 {was the only chance.} Nxa1 31. Rcxa1 Rxc8 32. Rb2) 30... Nxc1 {Black is clearly winning.} (30... Qxa6 $2 31. Re1 $17) 31. Bxc8 Nxa2 32. Bf5 (32. Bb7 $142 Rc7 33. Qxa2 Rxb7 34. Qa4) 32... Ra3 33. Bd3 g6 34. e4 dxe4 35. Bxe4 Nc3 36. Bd3 Qd4 {Precision: White = 25%, Black = 73%.} 0-1

[Event "IOM Open-Masters 2017"]
[Site "Douglas"]
[Date "2017.09.26"]
[Round "4"]
[White "Loos, Roland"]
[Black "Pranav, Anand"]
[Result "1-0"]
[WhiteElo "2393"]
[BlackElo "2106"]
[Annotator "NA"]
[PlyCount "83"]
[EventDate "2017.??.??"]
[EventType "swiss"]
[EventCountry "GBR"]
[SourceTitle "playchess.com"]
[Source "ChessBase"]
[SourceQuality "1"]
[TimeControl "40/6000+30:20/3000+30:900+30"]

1. d4 Nf6 2. c4 e6 3. Nf3 Bb4+ 4. Bd2 a5 5. a3 Bxd2+ 6. Qxd2 O-O 7. Nc3 d6 8. g3 Nbd7 9. Rd1 Qe7 10. Bg2 Nb6 11. Qd3 Bd7 12. O-O Na4 13. Rb1 Nxc3 14. bxc3 Rab8 15. e4 e5 16. c5 Bc6 17. cxd6 cxd6 18. Rbe1 Bd7 19. Nh4 Nh5 20. Nf5 Qe6 21. Bh3 Kh8 22. Bg4 g6 23. Ne3 Qe8 24. Bxd7 Qxd7 25. dxe5 Rbd8 26. Rd1 Qh3 27. exd6 Rfe8 28. Qd4+ Kg8 29. Rfe1 Ng7 30. Nd5 Kh8 31. Nc7 Rf8 32. Qf6 Kg8 33. Nd5 h6 34. Qe5 Kh8 35. Nf6 Ne6 36. Re3 Rc8 37. d7 Rc5 38. Rd5 Rc6 39. Red3 Rd8 40. Rd6 Rc5 41. R3d5 Ng5 42. Ne8+ 1-0

[Event "IOM Open-Masters 2017"]
[Site "Douglas"]
[Date "2017.09.26"]
[Round "4"]
[White "Karavade, Eesha"]
[Black "Hambleton, Aman"]
[Result "1/2-1/2"]
[WhiteElo "2384"]
[BlackElo "2479"]
[Annotator "TA"]
[PlyCount "103"]
[EventDate "2017.??.??"]
[EventType "swiss"]
[EventCountry "GBR"]
[SourceTitle "playchess.com"]
[Source "ChessBase"]
[SourceQuality "1"]

{[%evp 13,103,25,26,26,25,19,17,22,18,12,35,16,29,22,33,43,50,49,41,1,51,18,22,23,10,3,31,0,0,0,0,0,0,-41,-37,-39,-46,-62,-60,-63,-62,-62,-54,-38,0,0,0,0,0,0,0,0,0,-9,-16,0,57,57,304,297,297,288,297,296,285,281,253,211,248,244,220,52,52,57,185,54,69,10,10,10,16,16,16,9,72,72,108,101,101,101,101,101]} 1. e4 e6 2. d4 d5 3. Nc3 Bb4 4. Nge2 Nc6 5. a3 Ba5 6. b4 Bb6 7. Bb2 {C15: French: 3 Nc3 Bb4: Unusual White 4th moves} Nge7 {LiveBook: 19 Games} 8. e5 Bd7 9. Na4 {White has an edge.} O-O 10. Nxb6 axb6 11. g3 $146 {[%cal Bg2g3,Bg3f4][%mdl 32]} ({Predecessor:} 11. Ng3 f6 12. Bd3 Be8 13. Qg4 f5 14. Qh3 Ng6 {½-½ (22) Stojanovic,D (2487)-Predojevic,B (2642) Zadar 2011}) 11... f6 12. Nf4 fxe5 13. dxe5 Rxf4 14. gxf4 Nf5 15. Bd3 Nce7 16. Rg1 h6 17. c4 {aiming for cxd5.} Ba4 18. Qd2 Qf8 19. Rc1 Rd8 20. Qe2 dxc4 21. Bxc4 Nd5 22. Qe4 Qe8 23. Rg3 Bc6 {[%mdl 1024] Black has compensation.} 24. Rd3 b5 25. Bb3 Qg6 26. Rcd1 Kh7 {...Qg1+ is the strong threat.} 27. Bxd5 exd5 28. Qe2 ({But not} 28. Rxd5 $2 Rxd5 29. Rxd5 Qe6 $19) 28... d4 29. Bxd4 Bd5 $1 {[%cal Rd5c4] next ...Bc4 is good for Black.} 30. Rg3 Nxg3 31. fxg3 Bb3 32. Rd2 $1 Bc4 33. Qd1 Qe4+ 34. Kf2 Bd5 (34... Kg8 $11) 35. Qc2 $14 c6 $2 {[#]} ({Black should try} 35... h5 $14) 36. Qxe4+ $1 $18 Bxe4 {[%mdl 4096] Endgame [#] KRB-KRB} 37. g4 $1 h5 38. Ke3 ({Much less strong is} 38. gxh5 $6 Kh6 $18) 38... Bd5 39. h3 ({Weaker is} 39. gxh5 Rf8 $16) 39... Kg6 40. Bc5 hxg4 41. hxg4 Rh8 42. Rd3 $2 (42. f5+ $18 Kg5 43. e6) 42... Rh3+ $14 43. Kd4 Rxd3+ 44. Kxd3 {And now Ke3 would win. KB-KB} Bf3 $1 45. g5 (45. f5+ $14 Kg5 46. e6 Bxg4 47. Ke4) 45... Kf5 $11 46. Be3 g6 47. Kd4 {White wants to play Kc5.} b6 $1 48. Kd3 Ke6 (48... Bd5 $11) 49. Bxb6 $16 {White is better.} Bg4 50. Kd4 Kd7 51. Bc5 Be6 52. Bf8 {Precision: White = 54%, Black = 62%.} 1/2-1/2

[Event "IOM Open-Masters 2017"]
[Site "Douglas"]
[Date "2017.09.26"]
[Round "4"]
[White "Woellermann, Jan"]
[Black "Basso, Pier Luigi"]
[Result "0-1"]
[WhiteElo "2384"]
[BlackElo "2460"]
[Annotator "TA"]
[PlyCount "64"]
[EventDate "2017.??.??"]
[EventType "swiss"]
[EventCountry "GBR"]
[SourceTitle "playchess.com"]
[Source "ChessBase"]
[SourceQuality "1"]

{[%evp 22,64,18,12,7,5,6,-19,-12,-62,6,2,10,-13,-11,-25,0,0,0,-15,0,-34,-1,-60,-59,-45,-46,-41,-7,-41,-31,-41,-41,-59,0,0,0,-75,-74,-203,-210,-314,-321,-382,-382]} 1. d4 d5 2. c4 e6 3. Nf3 Nf6 4. g3 dxc4 5. Bg2 Bd7 6. Ne5 Bc6 7. Nxc6 Nxc6 8. e3 Qd7 {E04: Open Catalan: 5 Nf3} 9. O-O Rd8 10. Qe2 e5 11. Qxc4 exd4 12. exd4 {LiveBook: 3 Games} (12. Qb5 Rb8 13. Rd1 a6 14. Qf1 Bd6 15. exd4 O-O 16. Bh3 {½-½ (76) Tomashevsky,E (2722)-Bu,X (2698) Novi Sad 2016}) 12... Nxd4 13. Nc3 Be7 14. Bg5 O-O 15. Rad1 Rfe8 $146 ({Better is} 15... b5 $15 16. Qd3 c5) ({Predecessor:} 15... b5 16. Qd3 {1-0 (56) Leenhouts,K (2475)-Overeem,M (2212) Maastricht 2017}) 16. Bxb7 $11 Qg4 17. Bf4 Ne6 18. f3 Qh5 19. Rxd8 Rxd8 20. Be3 Rb8 21. Bd5 Rb4 22. Qd3 (22. Qc6 $11) 22... Rxb2 $40 {[%csl Gb2][%cal Rh5h2][%mdl 128] [#] Black has some attack.} 23. Rf2 Rxf2 24. Bxf2 c5 25. Bxe6 fxe6 26. Kg2 Qe5 27. Qc4 Nd5 (27... Kf7 $15) 28. Ne4 $1 $11 Qb2 {White must now prevent ...Ne3+.} 29. Qb3 (29. Kh3 $11) 29... Qe2 $17 {...c4 is the strong threat.} 30. Kg1 {[#]} (30. h4 $17) 30... c4 $1 $19 {[%cal Rc4b3,Bc5c4,Bc4c3][%mdl 32]} 31. Qb8+ (31. Qb7 {keeps fighting.}) 31... Kf7 32. Qxa7 {Now Qd4 and White clings on.} c3 {Precision: White = 25%, Black = 67%.} 0-1

[Event "IOM Open-Masters 2017"]
[Site "Douglas"]
[Date "2017.09.26"]
[Round "4"]
[White "Pranav, V."]
[Black "Fischer, Daniel"]
[Result "1-0"]
[WhiteElo "2372"]
[BlackElo "2100"]
[Annotator "NA"]
[PlyCount "55"]
[EventDate "2017.??.??"]
[EventType "swiss"]
[EventCountry "GBR"]
[SourceTitle "playchess.com"]
[Source "ChessBase"]
[SourceQuality "1"]
[TimeControl "40/6000+30:20/3000+30:900+30"]

1. e4 e5 2. Nf3 Nc6 3. Nc3 Nf6 4. Bb5 Nd4 5. Bc4 Bc5 6. Nxe5 Qe7 7. Nf3 d5 8. Nxd5 Qxe4+ 9. Ne3 Bg4 10. Be2 Nxe2 11. Qxe2 O-O 12. Nxg4 Qxg4 13. O-O Rfe8 14. Qb5 Bb6 15. d4 Bxd4 16. h3 Qe4 17. Nxd4 Qxd4 18. Qxb7 Nd5 19. Qb3 Rab8 20. Qf3 c6 21. Rd1 Qc4 22. c3 Re2 23. b3 Qxc3 24. Qxe2 Qxa1 25. Bb2 Nc3 26. Bxa1 Nxe2+ 27. Kf1 Nf4 28. Be5 1-0

[Event "IOM Open-Masters 2017"]
[Site "Douglas"]
[Date "2017.09.26"]
[Round "4"]
[White "Arakhamia-Grant, Ketevan"]
[Black "Jonsson, Gauti Pall"]
[Result "1-0"]
[WhiteElo "2369"]
[BlackElo "2011"]
[Annotator "NA"]
[PlyCount "117"]
[EventDate "2017.??.??"]
[EventType "swiss"]
[EventCountry "GBR"]
[SourceTitle "playchess.com"]
[Source "ChessBase"]
[SourceQuality "1"]
[TimeControl "40/6000+30:20/3000+30:900+30"]

1. e4 e6 2. d4 d5 3. Nc3 Bb4 4. e5 c5 5. a3 Bxc3+ 6. bxc3 Qa5 7. Bd2 Qa4 8. Qg4 Kf8 9. Qd1 b6 10. Nf3 Ne7 11. Be2 Ba6 12. O-O Bxe2 13. Qxe2 Nbc6 14. dxc5 b5 15. Be3 a6 16. Bd4 Rc8 17. Qd2 Na5 18. Ne1 Nc4 19. Qc1 h5 20. Nd3 h4 21. h3 Nf5 22. Nb2 Nxb2 23. Qxb2 Rc6 24. Rfd1 Ke7 25. Qb3 Nxd4 26. cxd4 Qxb3 27. cxb3 a5 28. b4 a4 29. Rac1 Rh5 30. Rc3 g6 31. Kf1 Kf8 32. Rf3 Rf5 33. Rc1 Kg7 34. Rcc3 Kh6 35. g4 hxg3 36. fxg3 Kg7 37. Kg2 Rh5 38. Rf2 Kf8 39. Rcf3 Rh7 40. h4 Kg8 41. Rc3 Kf8 42. Rf1 Kg8 43. Rh1 Kg7 44. g4 g5 45. Kg3 Rh8 46. Rcc1 gxh4+ 47. Rxh4 Rxh4 48. Kxh4 Kh6 49. g5+ Kg6 50. Kg4 Rc7 51. c6 Kh7 52. Kh5 Kg7 53. Rc5 Kh7 54. Rxb5 Rxc6 55. Rc5 Rb6 56. Rc7 Kg8 57. g6 fxg6+ 58. Kxg6 Kf8 59. Kf6 1-0